[Event "Prague International Open"]
[Site "Prague CZE"]
[Date "2021.06.19"]
[Round "8.1"]
[White "Plat, Vojtech"]
[Black "Petr, Martin"]
[Result "1/2-1/2"]
[WhiteTitle "GM"]
[BlackTitle "GM"]
[WhiteElo "2521"]
[BlackElo "2489"]
[WhiteFideId "325740"]
[BlackFideId "318299"]
[EventDate "2021.06.14"]

1. Nf3 Nf6 2. c4 e6 3. Nc3 d5 4. d4 c6 5. e3 Nbd7 6. Bd3 dxc4 7. Bxc4 b5 8. Bd3
Bd6 9. O-O O-O 10. a4 b4 11. Ne4 Nxe4 12. Bxe4 Bb7 13. a5 Rc8 14. a6 Ba8 15. Nd2
Nf6 16. Bf3 c5 17. Bxa8 Rxa8 18. dxc5 Bxc5 19. Nb3 Be7 20. Qf3 Qd3 21. Nd4 Bc5
22. Rd1 Qe4 23. Nb3 Be7 24. Bd2 Rfc8 25. Qxe4 Nxe4 26. Be1 Rc2 27. Rab1 Rc6 28.
Rd7 Kf8 29. Rd4 Nf6 30. Ra1 Nd5 31. e4 Nc7 32. Bxb4 Bxb4 33. Rxb4 Nxa6 34. Rb7
Rc7 35. Rxc7 Nxc7 36. Nc5 Ke7 37. b4 a6 38. f3 Rb8 39. Rd1 Rd8 40. Rxd8 Kxd8 41.
Kf2 e5 42. Ke3 Ke7 43. Kd3 f6 44. Kc4 Kd6 45. Kb3 Kc6 46. Ka4 Kb6 47. Nd7+ Kb7
48. Nf8 h5 49. Ka5 Ka7 50. h4 Kb7 51. g3 Ka7 52. g4 hxg4 53. fxg4 Kb7 54. g5
fxg5 55. hxg5 Kc6 56. Ng6 Kd6 57. Nh4 g6 58. Nf3 Nb5 59. Kxa6 Nc3 60. Nd2 Kc6
61. Ka5 Nb5 62. Nc4 Nc3 63. Ka6 Nxe4 64. Nxe5+ Kd6 65. Nxg6 Nxg5 66. b5 Ne6 67.
b6 Nc7+ 68. Ka7 Nb5+ 69. Kb7 Kc5 70. Ka6 Nd6 71. Ne7 Kc4 72. Nf5 Ne4 73. Kb7 Kb5
74. Nd4+ Kc5 75. Nb3+ Kb5 76. Nd4+ Kc5 77. Ne6+ Kb5 78. Nc7+ Kc5 79. Ka6 Kc6 80.
Ne6 Nd6 81. Nd4+ Kd7 82. Nb5 Ne4 83. Ka7 Nc5 84. Nc3 Kc6 85. Ne4 Nb7 86. Ka6 Nd8
87. Ng5 Nb7 88. Nf7 Nc5+ 89. Ka7 Kd5 90. Ng5 Ke5 91. Nf3+ Ke4 92. Ne1 Kd4 93.
Ka8 Kc4 94. Ng2 Kb5 95. Ka7 Kc6 96. Ne3 Kb5 97. Nd5 Ka4 98. Nf6 Ka5 99. Nd5 Kb5
100. Nc7+ Ka5 101. Ne8 Ne6 102. Nd6 Ka4 103. Ne4 Ka5 104. Nd6 Ka4 105. Kb7 Ka5
106. Nc8 Kb5 107. Ka7 Ka5 108. Ne7 Nd8 109. Nd5 Kb5 110. Nc7+ Ka5 111. Na8 Kb5
112. Kb8 Kc6 113. Ka7 Kb5 114. Nc7+ Ka5 115. Nd5 Kb5 116. Nf4 Ka5 117. Ne6 Nxe6
118. b7 Nd8 119. b8=Q Nc6+ 120. Ka8 Nxb8 1/2-1/2

[Event "Prague International Open"]
[Site "Prague CZE"]
[Date "2021.06.19"]
[Round "8.2"]
[White "Greenfeld, Alon"]
[Black "Nasuta, Grzegorz"]
[Result "1/2-1/2"]
[WhiteTitle "GM"]
[BlackTitle "GM"]
[WhiteElo "2507"]
[BlackElo "2512"]
[WhiteFideId "2800039"]
[BlackFideId "1141686"]
[EventDate "2021.06.14"]

1. Nf3 d5 2. d4 e6 3. g3 c5 4. Bg2 Nf6 5. O-O cxd4 6. Nxd4 e5 7. Nf3 Nc6 8. c4
d4 9. e3 Be7 10. exd4 exd4 11. Bf4 Be6 12. Ne5 Rc8 13. Nd2 O-O 14. Ndf3 Nh5 15.
Bd2 Bf6 16. Re1 g6 17. Rc1 Qc7 18. Nxc6 bxc6 19. Ng5 Bd7 20. Bf3 Ng7 21. Bf4 Qb6
22. Ne4 Be7 23. Bd6 Bxd6 24. Nf6+ Kh8 25. Nxd7 Qxb2 26. Nxf8 Bxf8 27. c5 Rd8 28.
Rb1 Qxa2 29. Qd3 Ne6 30. Ra1 Qb2 31. Rxa7 Nxc5 32. Qc4 Qb3 33. Qxf7 Qxf7 34.
Rxf7 Nd3 35. Re6 c5 36. Be2 1/2-1/2

[Event "Prague International Open"]
[Site "Prague CZE"]
[Date "2021.06.19"]
[Round "8.3"]
[White "Krzyzanowski, Marcin"]
[Black "Blohberger, Felix"]
[Result "1/2-1/2"]
[WhiteTitle "GM"]
[BlackTitle "IM"]
[WhiteElo "2503"]
[BlackElo "2475"]
[WhiteFideId "1132199"]
[BlackFideId "1632051"]
[EventDate "2021.06.14"]

1. Nf3 Nf6 2. g3 g6 3. Bg2 Bg7 4. O-O O-O 5. d3 c5 6. e4 Nc6 7. c4 d6 8. h3 Ne8
9. Nc3 Nc7 10. Rb1 Rb8 11. Bd2 b5 12. b3 Bd7 13. Kh2 a5 14. Ne1 b4 15. Ne2 Ne6
16. f4 Ned4 17. Nxd4 Nxd4 18. Be3 a4 19. Nf3 axb3 20. axb3 Ra8 21. Nxd4 Bxd4 22.
Bxd4 cxd4 23. Qd2 Qb6 24. f5 Qc5 25. f6 exf6 26. Rxf6 Be6 27. h4 Kg7 28. Rf2 Ra3
29. Bh3 Bxh3 30. Kxh3 h5 31. Kh2 f6 32. Qf4 1/2-1/2

[Event "Prague International Open"]
[Site "Prague CZE"]
[Date "2021.06.19"]
[Round "8.4"]
[White "Hrabusa, Matej"]
[Black "Dahl, Christoph"]
[Result "0-1"]
[WhiteTitle "IM"]
[WhiteElo "2359"]
[BlackElo "2212"]
[WhiteFideId "14908042"]
[BlackFideId "16240235"]
[EventDate "2021.06.14"]

1. e4 c5 2. Nf3 d6 3. d4 cxd4 4. Nxd4 Nf6 5. Nc3 a6 6. a3 e6 7. g4 Be7 8. g5
Nfd7 9. h4 b5 10. Be3 O-O 11. Qh5 Bb7 12. O-O-O Nc6 13. f4 Qc7 14. Nd5 exd5 15.
exd5 Nxd4 16. Bxd4 f5 17. Bxg7 Kxg7 18. Qh6+ Kf7 19. Re1 Nc5 20. Qxh7+ Ke8 21.
g6 Bxd5 22. Bg2 Rc8 23. Kb1 Ne4 24. Bxe4 Bxe4 25. g7 Qxc2+ 26. Ka1 Bf6 27. Qh5+
Kd7 28. gxf8=N+ Rxf8 29. Qh7+ Kd8 30. Rb1 Qb3 31. Rh3 Qxh3 0-1

[Event "Prague International Open"]
[Site "Prague CZE"]
[Date "2021.06.19"]
[Round "8.5"]
[White "Sorm, Daniel"]
[Black "Pavlidis, Anastasios"]
[Result "1-0"]
[WhiteTitle "FM"]
[BlackTitle "IM"]
[WhiteElo "2345"]
[BlackElo "2333"]
[WhiteFideId "5400139"]
[BlackFideId "4208404"]
[EventDate "2021.06.14"]

1. d4 f5 2. e4 fxe4 3. Nc3 Nf6 4. Bg5 g6 5. f3 d5 6. fxe4 Nxe4 7. Nxe4 dxe4 8.
Bc4 Qd6 9. Qd2 Bg7 10. Ne2 Nc6 11. O-O Bf5 12. c3 O-O-O 13. Ng3 h6 14. Bh4 Rdf8
15. Qe2 Na5 16. Bb5 a6 17. b4 Nc6 18. Bc4 Nxd4 19. cxd4 Bxd4+ 20. Kh1 Bxa1 21.
Rxa1 Qe5 22. Re1 g5 23. Nxf5 gxh4 24. Qxe4 Qxe4 25. Rxe4 Kb8 26. Nxh4 Rd8 27. h3
Rd1+ 28. Kh2 Rhd8 29. Nf3 Rc1 30. Bb3 Rf8 31. h4 Rb1 32. Kg3 Rb2 33. h5 Rf5 34.
Kg4 Rb5 35. g3 Rf2 36. Ne5 a5 37. bxa5 Rxa5 38. Nf7 Rf6 39. Rxe7 Rb5 40. Re6
Rb4+ 41. Kh3 Rxe6 42. Bxe6 Rb6 43. Bb3 c5 44. g4 Kc7 45. g5 hxg5 46. h6 Rxh6+
47. Nxh6 b5 48. Kg3 c4 49. Bd1 Kc6 50. Kf3 Kc5 51. Ke3 Kb4 52. Kd4 Ka3 53. Kc5
Kxa2 54. Kxb5 c3 55. Kc4 Kb2 56. Kd3 Kc1 57. Bc2 Kb2 58. Ng4 Kc1 59. Ne3 Kb2 60.
Nc4+ Ka1 61. Kxc3 Ka2 62. Bb3+ Kb1 63. Nd2+ Ka1 64. Bd5 g4 65. Kb3 g3 66. Ka3 g2
67. Be4 1-0

[Event "Prague International Open"]
[Site "Prague CZE"]
[Date "2021.06.19"]
[Round "8.6"]
[White "Kraus, Tomas"]
[Black "Nemec, Jachym"]
[Result "1-0"]
[WhiteTitle "IM"]
[WhiteElo "2466"]
[BlackElo "2197"]
[WhiteFideId "331708"]
[BlackFideId "23716525"]
[EventDate "2021.06.14"]

1. e4 c5 2. c3 d5 3. exd5 Qxd5 4. d4 Nc6 5. Nf3 Bf5 6. Be3 Nf6 7. dxc5 Qxd1+ 8.
Kxd1 O-O-O+ 9. Nbd2 Nd5 10. Rc1 a5 11. a3 a4 12. Bb5 e5 13. Bxa4 Nxe3+ 14. fxe3
Bxc5 15. Re1 f6 16. e4 Be6 17. Kc2 g5 18. b4 Ba7 19. Bb3 Bxb3+ 20. Nxb3 g4 21.
Nfd2 g3 22. hxg3 Rhg8 23. Nf1 Bf2 24. Re2 Bxg3 25. Rd1 Rxd1 26. Kxd1 Bf4 27. Nc5
h5 28. Nd3 Bh6 29. Ke1 b6 30. Kf2 Rd8 31. Nb2 Ne7 32. Ne3 Kb7 33. Rc2 Kc7 34. a4
h4 35. Nbc4 Kc6 36. Rd2 Rxd2+ 37. Nxd2 Ng6 38. Nf3 h3 39. gxh3 Nf4 40. Nf5 Nd3+
41. Ke2 Nf4+ 42. Kd1 Bf8 43. h4 Nd3 44. Kc2 Nf4 45. Nd2 Kd7 46. Nf1 Ke6 47. N1g3
Kf7 48. Kb3 Ke6 1-0

[Event "Prague International Open"]
[Site "Prague CZE"]
[Date "2021.06.19"]
[Round "8.7"]
[White "Rasik, Vitezslav"]
[Black "Simek, Petr2"]
[Result "1/2-1/2"]
[WhiteTitle "GM"]
[BlackTitle "FM"]
[WhiteElo "2451"]
[BlackElo "2251"]
[WhiteFideId "300306"]
[BlackFideId "319260"]
[EventDate "2021.06.14"]

1. e4 e5 2. Nf3 Nc6 3. Bb5 Nf6 4. d4 exd4 5. O-O a6 6. Ba4 Be7 7. Re1 b5 8. e5
Nxe5 9. Rxe5 bxa4 10. Nxd4 O-O 11. Nf5 Re8 12. Bg5 d6 13. Nxe7+ Rxe7 14. Bxf6
gxf6 15. Rxe7 Qxe7 16. Nc3 Bb7 17. Qg4+ Kh8 18. Qxa4 Rg8 19. g3 Rg5 20. Rf1 c5
21. Qf4 d5 22. f3 Kg7 23. Rf2 Re5 24. Qg4+ Kf8 25. Qf4 Kg7 26. b3 Re1+ 27. Kg2
Qe5 28. Qg4+ Kf8 29. Qd7 Qxc3 30. Qxb7 Rc1 31. Qxa6 Rxc2 32. Qa8+ Kg7 33. Qxd5
Rxf2+ 34. Kxf2 Qc2+ 35. Ke3 Qxa2 36. h4 Qb2 37. g4 Qc3+ 38. Ke4 h6 39. h5 Kf8
40. Qd8+ Kg7 41. Qd5 Kf8 42. Qc4 Qe5+ 43. Kd3 Qd6+ 44. Kc2 Qh2+ 45. Kb1 Qf2 46.
Qc2 Qe3 47. Ka2 Kg7 48. Qe4 Qd2+ 49. Ka3 Qa5+ 50. Kb2 Qd2+ 51. Qc2 Qe3 52. Qe4
Qd2+ 53. Qc2 Qe3 54. Qc3 Qe2+ 55. Ka3 Qa6+ 56. Kb2 Qe2+ 57. Ka3 Qa6+ 1/2-1/2

[Event "Prague International Open"]
[Site "Prague CZE"]
[Date "2021.06.19"]
[Round "8.8"]
[White "Neuman, Petr"]
[Black "Soural, Jan"]
[Result "1-0"]
[WhiteTitle "GM"]
[WhiteElo "2394"]
[BlackElo "2246"]
[WhiteFideId "305243"]
[BlackFideId "311928"]
[EventDate "2021.06.14"]

1. c4 Nf6 2. Nc3 d5 3. cxd5 Nxd5 4. g3 Nb6 5. Bg2 g6 6. d3 Bg7 7. Be3 O-O 8. Qd2
Re8 9. Bh6 Bh8 10. h4 Nc6 11. Bxc6 bxc6 12. h5 Nd5 13. Rc1 Rb8 14. Na4 e5 15.
hxg6 fxg6 16. Bg5 Qd6 17. Nc5 Qf8 18. b3 Rb5 19. Ne4 Bd7 20. Nf3 a5 21. Rc4 Ra8
22. O-O Nb6 23. Rfc1 a4 24. bxa4 Rxa4 25. Rxa4 Nxa4 26. Qc2 Nb6 27. a4 Ra5 28.
Bd2 Rxa4 29. Nc5 Ra7 30. Nxd7 Nxd7 31. Qxc6 Nb6 32. Be3 Qf6 33. Qe8+ Qf8 34. Qb5
Qf6 35. Ng5 1-0

[Event "Prague International Open"]
[Site "Prague CZE"]
[Date "2021.06.19"]
[Round "8.9"]
[White "Pein, Jonathan"]
[Black "Wachinger, Nikolas"]
[Result "1-0"]
[WhiteTitle "CM"]
[WhiteElo "2239"]
[BlackElo "2369"]
[WhiteFideId "417092"]
[BlackFideId "12962791"]
[EventDate "2021.06.14"]

1. e4 c5 2. Nf3 d6 3. d4 cxd4 4. Nxd4 Nf6 5. Nc3 a6 6. Nb3 g6 7. Be2 Bg7 8. Be3
Nc6 9. g4 Be6 10. f4 Na5 11. e5 Nd7 12. exd6 Nxb3 13. axb3 O-O 14. O-O Nf6 15.
Bf3 Qc8 16. dxe7 Re8 17. g5 Nd7 18. Qd6 Qb8 19. Qb4 Bxc3 20. bxc3 Qc7 21. c4
Rab8 22. Rfd1 Rec8 23. Qd6 Qxd6 24. Rxd6 Re8 25. Ba7 Ra8 26. Bd4 Rab8 27. Bf6 1-0

[Event "Prague International Open"]
[Site "Prague CZE"]
[Date "2021.06.19"]
[Round "8.10"]
[White "Nemec, Pavel"]
[Black "Finek, Vaclav"]
[Result "1/2-1/2"]
[WhiteTitle "FM"]
[BlackTitle "FM"]
[WhiteElo "2235"]
[BlackElo "2359"]
[WhiteFideId "301965"]
[BlackFideId "23718293"]
[EventDate "2021.06.14"]

1. e4 c5 2. Nf3 e6 3. c3 Nf6 4. e5 Nd5 5. d4 cxd4 6. cxd4 d6 7. Nc3 Nc6 8. Bb5
Bd7 9. Nxd5 exd5 10. Bxc6 Bxc6 11. O-O Be7 12. Bf4 O-O 13. Qd2 dxe5 14. dxe5 Qd7
15. Nd4 Bc5 16. Rac1 1/2-1/2

[Event "Prague International Open"]
[Site "Prague CZE"]
[Date "2021.06.20"]
[Round "9.1"]
[White "Nasuta, Grzegorz"]
[Black "Plat, Vojtech"]
[Result "1/2-1/2"]
[WhiteTitle "GM"]
[BlackTitle "GM"]
[WhiteElo "2512"]
[BlackElo "2521"]
[WhiteFideId "1141686"]
[BlackFideId "325740"]
[EventDate "2021.06.14"]

1. e4 e5 2. Nf3 Nc6 3. Bc4 Be7 4. d4 exd4 5. Nxd4 Bf6 6. Be3 Nge7 7. Nc3 O-O 8.
O-O d6 9. h3 Bxd4 10. Bxd4 Be6 1/2-1/2

[Event "Prague International Open"]
[Site "Prague CZE"]
[Date "2021.06.20"]
[Round "9.3"]
[White "Dahl, Christoph"]
[Black "Krzyzanowski, Marcin"]
[Result "0-1"]
[BlackTitle "GM"]
[WhiteElo "2212"]
[BlackElo "2503"]
[WhiteFideId "16240235"]
[BlackFideId "1132199"]
[EventDate "2021.06.14"]

1. e4 e5 2. Nf3 Nc6 3. d4 exd4 4. Nxd4 Nf6 5. Nxc6 bxc6 6. e5 Qe7 7. Qe2 Nd5 8.
c4 Nb6 9. Nc3 Bb7 10. Bd2 O-O-O 11. O-O-O Kb8 12. f4 f6 13. exf6 Qxf6 14. Ne4
Qf7 15. c5 Na4 16. Qc4 Qxc4+ 17. Bxc4 Re8 18. Rhe1 Nxc5 19. Ng5 Bd6 20. g3 Re7
21. Bc3 Rhe8 22. Rxe7 Rxe7 23. Nxh7 Ne4 24. Bd4 Bb4 25. a3 Bc5 26. Bxc5 Nxc5 27.
b4 d5 28. bxc5 dxc4 29. Rd8+ Bc8 30. Kd2 Kb7 31. Ng5 Bf5 32. Rd4 Bd3 33. Nf3
Re2+ 34. Kd1 Ra2 35. Ne5 Be2+ 36. Ke1 c3 37. Nc4 Ka6 38. Ne5 Bb5 39. Kd1 Rxa3
40. Kc2 Ba4+ 41. Kb1 c2+ 42. Kb2 Ra1 43. Nd3 Rb1+ 44. Kc3 Kb5 0-1

[Event "Prague International Open"]
[Site "Prague CZE"]
[Date "2021.06.20"]
[Round "9.4"]
[White "Blohberger, Felix"]
[Black "Sorm, Daniel"]
[Result "1-0"]
[WhiteTitle "IM"]
[BlackTitle "FM"]
[WhiteElo "2475"]
[BlackElo "2345"]
[WhiteFideId "1632051"]
[BlackFideId "5400139"]
[EventDate "2021.06.14"]

1. e4 c6 2. Nf3 d5 3. Nc3 dxe4 4. Nxe4 Nf6 5. Qe2 Nxe4 6. Qxe4 Qd5 7. Qf4 Qd6 8.
d4 Qxf4 9. Bxf4 Bf5 10. O-O-O e6 11. Be2 Nd7 12. Nh4 Be4 13. f3 Bg6 14. g4 O-O-O
15. Bg3 Nf6 16. a3 Bd6 17. Ng2 h6 18. Rhe1 Rd7 19. Be5 Bxe5 20. dxe5 Rxd1+ 21.
Bxd1 Nd5 22. h4 Rd8 23. f4 c5 24. Bf3 Ne7 25. Rd1 Rxd1+ 26. Kxd1 Kc7 27. Ne3 b5
28. b4 Kb6 29. c3 a5 30. Kd2 Bh7 31. g5 Nf5 32. Ng2 axb4 33. axb4 cxb4 34. cxb4
Nd4 35. Bh5 Bg6 36. gxh6 gxh6 37. Kc3 Nf5 38. Bf3 Ng7 39. Kd2 Bh5 40. Ba8 Nf5
41. Be4 Ng3 42. Bd3 Bg6 43. Ne3 Bxd3 44. Kxd3 h5 45. f5 exf5 46. Nd5+ Kc6 47.
Nf4 Ne4 48. Ke3 f6 49. Kd4 fxe5+ 50. Kxe5 Ng3 51. Nd5 Kd7 52. Nc3 Kc6 53. Kf4
Nf1 54. Kxf5 Ne3+ 55. Kg5 Nc2 56. Na2 Kd5 57. Kxh5 Nd4 58. Kg6 Ne6 59. Kf6 Nf4
60. Nc3+ Kc4 61. Ne2 Nd5+ 62. Ke6 Ne3 63. h5 Ng4 64. Kf5 Nh6+ 65. Kg6 Ng4 66.
Nf4 Kxb4 67. Nd5+ Kc5 68. Ne3 Ne5+ 69. Kg7 b4 70. h6 b3 71. Nd1 1-0

[Event "Prague International Open"]
[Site "Prague CZE"]
[Date "2021.06.20"]
[Round "9.5"]
[White "Kraus, Tomas"]
[Black "Neuman, Petr"]
[Result "1/2-1/2"]
[WhiteTitle "IM"]
[BlackTitle "GM"]
[WhiteElo "2466"]
[BlackElo "2394"]
[WhiteFideId "331708"]
[BlackFideId "305243"]
[EventDate "2021.06.14"]

1. e4 c6 2. c4 d5 3. exd5 cxd5 4. d4 Nf6 5. Nc3 Nc6 6. Bg5 Ne4 7. cxd5 Nxc3 8.
bxc3 Qxd5 9. Nf3 Bg4 10. Qb3 Bxf3 11. gxf3 Qxb3 12. axb3 e6 13. Bb5 Kd7 14. O-O
a6 15. d5 exd5 16. Rfd1 Bd6 17. Rxd5 axb5 18. Rad1 Kc8 19. Rxd6 f6 20. Bf4 Rd8
21. Rxd8+ Nxd8 22. Rd5 Ne6 23. Bg3 Ra1+ 24. Kg2 Rc1 1/2-1/2

[Event "Prague International Open"]
[Site "Prague CZE"]
[Date "2021.06.20"]
[Round "9.6"]
[White "Finek, Vaclav"]
[Black "Pein, Jonathan"]
[Result "1-0"]
[WhiteTitle "FM"]
[BlackTitle "CM"]
[WhiteElo "2359"]
[BlackElo "2239"]
[WhiteFideId "23718293"]
[BlackFideId "417092"]
[EventDate "2021.06.14"]

1. d4 Nf6 2. c4 g6 3. Nf3 Bg7 4. g3 O-O 5. Bg2 d6 6. O-O Nbd7 7. Nc3 c6 8. e4
Qa5 9. h3 e5 10. Qc2 exd4 11. Nxd4 Qc5 12. Nce2 Nb6 13. b3 d5 14. exd5 cxd5 15.
Be3 Qa5 16. c5 Nbd7 17. Rfc1 Ne5 18. Rab1 Re8 19. Nc3 Nc6 20. g4 Nxg4 21. Nxc6
bxc6 22. hxg4 Bxg4 23. Ne2 Bf5 24. Qd1 Qxa2 25. Ra1 Qb2 26. Nd4 Be4 27. Bxe4
Rxe4 28. Ra4 Bxd4 29. Bxd4 Qe2 30. Qxe2 Rxe2 31. Ra6 Re4 32. Rd1 Rg4+ 33. Kf1
Re8 34. Rxc6 Rh4 35. Rd2 h5 36. Rd6 Rh3 37. Be3 Rf3 38. Kg2 Rf5 39. R2xd5 Rxd5
40. Rxd5 Rb8 41. c6 1-0

[Event "Prague International Open"]
[Site "Prague CZE"]
[Date "2021.06.20"]
[Round "9.7"]
[White "Hollan, Petr"]
[Black "Rasik, Vitezslav"]
[Result "1/2-1/2"]
[WhiteTitle "FM"]
[BlackTitle "GM"]
[WhiteElo "2275"]
[BlackElo "2451"]
[WhiteFideId "360945"]
[BlackFideId "300306"]
[EventDate "2021.06.14"]

1. d4 d6 2. Nf3 g6 3. Nbd2 Bg7 4. e4 Nf6 5. Bd3 O-O 6. O-O Nc6 7. c3 e5 8. dxe5
dxe5 9. Nc4 Nh5 10. Re1 h6 11. Ne3 a6 12. b3 Nf4 13. Bf1 Qxd1 14. Rxd1 f5 15.
Ba3 Rf7 16. Bc4 Be6 17. Bxe6 Nxe6 18. Nh4 fxe4 19. Nxg6 Nf4 20. Nxf4 exf4 21.
Nd5 Re8 22. Re1 e3 23. fxe3 f3 24. gxf3 Ne5 25. Kg2 Nxf3 26. Rf1 Nh4+ 27. Kh3
Nf5 28. Rae1 Re4 29. Rf4 Rxf4 30. exf4 c6 31. Ne7+ Nxe7 32. Rxe7 Rxe7 1/2-1/2

[Event "Prague International Open"]
[Site "Prague CZE"]
[Date "2021.06.20"]
[Round "9.8"]
[White "Simek, Petr2"]
[Black "Hrabusa, Matej"]
[Result "1-0"]
[WhiteTitle "FM"]
[BlackTitle "IM"]
[WhiteElo "2251"]
[BlackElo "2359"]
[WhiteFideId "319260"]
[BlackFideId "14908042"]
[EventDate "2021.06.14"]

1. d4 Nf6 2. c4 e6 3. Nf3 d5 4. g3 Be7 5. Bg2 O-O 6. O-O dxc4 7. Qc2 b6 8. Bg5
Nd5 9. Bxe7 Qxe7 10. Nbd2 b5 11. b3 c3 12. Ne4 Bb7 13. Nxc3 Nxc3 14. Qxc3 Na6
15. Rfc1 b4 16. Qd3 Rfb8 17. Ne5 Bxg2 18. Kxg2 Rb6 19. Qf3 Qf8 20. Nd7 Qe8 21.
Nxb6 axb6 22. a3 Rd8 23. axb4 Qb5 24. Rc4 Rf8 25. Qc6 Qxc6+ 26. Rxc6 Nxb4 27.
Rxc7 Nd5 28. Rca7 f5 29. Ra8 Rxa8 30. Rxa8+ Kf7 31. Ra7+ Kf6 32. Rb7 h5 33. h4
g5 34. hxg5+ Kxg5 35. e3 h4 36. gxh4+ Kxh4 37. Rg7 Kh5 38. Kf3 Kh6 39. Rg8 Kh7
40. Re8 Kg6 41. Rxe6+ Kf7 42. Rd6 1-0

[Event "Prague International Open"]
[Site "Prague CZE"]
[Date "2021.06.20"]
[Round "9.9"]
[White "Colbow, Collin"]
[Black "Nemec, Pavel"]
[Result "1-0"]
[WhiteTitle "FM"]
[BlackTitle "FM"]
[WhiteElo "2339"]
[BlackElo "2235"]
[WhiteFideId "16201132"]
[BlackFideId "301965"]
[EventDate "2021.06.14"]

1. e4 c5 2. Nc3 d6 3. d4 cxd4 4. Qxd4 a6 5. b3 Nc6 6. Qd2 Nf6 7. Bb2 b5 8. Bd3
e6 9. f4 Be7 10. Nf3 Qc7 11. O-O-O Bb7 12. g4 Nd7 13. Rhe1 Qa5 14. Kb1 Nc5 15.
Qe3 O-O 16. g5 Rfe8 17. f5 b4 18. fxe6 fxe6 19. Nd5 exd5 20. exd5 Bf6 21. Qxe8+
Rxe8 22. Rxe8+ Kf7 23. gxf6 gxf6 24. dxc6 Bxc6 25. Re3 d5 26. Ng5+ fxg5 27. Rf1+
Kg8 28. Re7 Nxd3 29. Rg7+ 1-0

[Event "Prague International Open"]
[Site "Prague CZE"]
[Date "2021.06.20"]
[Round "9.10"]
[White "Pavlidis, Anastasios"]
[Black "Holemar, David"]
[Result "1-0"]
[WhiteTitle "IM"]
[BlackTitle "FM"]
[WhiteElo "2333"]
[BlackElo "2229"]
[WhiteFideId "4208404"]
[BlackFideId "307009"]
[EventDate "2021.06.14"]

1. d4 g6 2. c4 Bg7 3. Nf3 d6 4. e4 e5 5. Nc3 Nc6 6. Bg5 f6 7. Be3 Bh6 8. Qd2
Bxe3 9. Qxe3 Bg4 10. d5 Nb4 11. O-O-O Ne7 12. h3 Bxf3 13. gxf3 g5 14. h4 Ng6 15.
hxg5 fxg5 16. c5 a5 17. cxd6 cxd6 18. Bh3 Nf4 19. Bf5 h6 20. Kb1 Ke7 21. Ne2
Nxe2 22. Qxe2 Qb6 23. f4 gxf4 24. a3 Na6 25. Be6 Nc5 26. Qg4 Raf8 27. Rc1 Kd8
28. Qg7 Qb5 29. Rxc5 1-0